| 000 | 01097nam a2200253Ia 4500 | ||
|---|---|---|---|
| 003 | OSt | ||
| 005 | 20201002162504.0 | ||
| 008 | 191128s1972 ag gr 000 0 spa d | ||
| 040 |
_aCO-JMCR _cCO-JMCR |
||
| 041 | 0 | _aspa | |
| 082 | 0 | 4 |
_a944.04 / _bS226r _223 |
| 100 | 1 |
_aSanguinetti, Horacio, _eautor _911164 |
|
| 245 | 1 | 0 |
_aRobespierre : _bla razón del pueblo / _cHoracio Sanguinetti |
| 260 |
_aBuenos Aires : _bLa Bastilla, _c1972 |
||
| 300 |
_a137 páginas ; _c20 cm. |
||
| 490 | 0 | _aEstaba escrito | |
| 504 | _aBibliografía: páginas 133-136 | ||
| 505 | 0 | _aRobespierre y el socialismo moderno | |
| 520 | 3 | _aMaximiliano Robespierre, guillotinado en 1794, es uno de los grandes revolucionarios de todos los tiempos. Condenado históricamente por sus vencedores, de él se conserva ante todo la imagen demoníaca, transmitida a designo para "sepultar". | |
| 600 | 1 | 4 |
_aRobespierre, Maximilien Marie Isidore de, _xcritica en interpretación _y1758-1794 _911165 |
| 650 | 1 | 4 |
_aRevolucionarios _zFrancia _911166 |
| 651 | 1 | 4 |
_aFrancia _xrevolución _vhistoria _y1789-1799 _911167 |
| 942 |
_2ddc _cBK |
||
| 999 |
_c3687 _d3687 |
||